|
|
|
|
| LEADER |
02115nam a2200517 a 4500 |
| 001 |
nkc20142567231 |
| 003 |
CZ PrNK |
| 005 |
20140324161954.0 |
| 007 |
ta |
| 008 |
140217s2013 xr ab f f 000 0 cze |
| 015 |
|
|
|a cnb002567231
|
| 020 |
|
|
|a 978-80-7385-129-3
|q (brož.)
|
| 035 |
|
|
|a (OCoLC)876342357
|
| 040 |
|
|
|a OLA001
|b cze
|d ABA001
|
| 043 |
|
|
|a e-xr---
|
| 072 |
|
7 |
|a 351
|x Úkoly veřejné správy, správní opatření, legislativa
|2 Konspekt
|9 15
|
| 080 |
|
|
|a 351.862
|2 MRF
|
| 080 |
|
|
|a 35.078.7
|2 MRF
|
| 080 |
|
|
|a 005.931
|2 MRF
|
| 080 |
|
|
|a 352
|2 MRF
|
| 080 |
|
|
|a (437.3)
|2 MRF
|
| 080 |
|
|
|a (072)
|2 MRF
|
| 100 |
1 |
|
|a Adamec, Vilém,
|d 1953-
|7 jo2002104803
|4 aut
|
| 245 |
1 |
0 |
|a Metodický manuál pro přípravu specialistů ochrany obyvatelstva /
|c Vilém Adamec
|
| 250 |
|
|
|a 1. vyd.
|
| 260 |
|
|
|a V Ostravě :
|b Sdružení požárního a bezpečnostního inženýrství,
|c 2013
|
| 300 |
|
|
|a 118 s. :
|b il. (převážně barev.), mapy ;
|c 21 cm
|
| 500 |
|
|
|a Nad názvem: Sdružení hasičů Čech, Moravy a Slezska, Ústřední hasičská škola Jánské Koupele
|
| 504 |
|
|
|a Obsahuje bibliografii a bibliografické odkazy
|
| 650 |
0 |
7 |
|a civilní ochrana
|7 ph119252
|z Česko
|2 czenas
|
| 650 |
0 |
7 |
|a integrovaný záchranný systém
|7 ph121133
|z Česko
|2 czenas
|
| 650 |
0 |
7 |
|a krizový management
|7 ph121964
|z Česko
|2 czenas
|
| 650 |
0 |
7 |
|a místní správa
|7 ph115408
|z Česko
|2 czenas
|
| 650 |
0 |
9 |
|a civil defense
|z Czechia
|2 eczenas
|
| 650 |
0 |
9 |
|a integrated emergency management system
|z Czechia
|2 eczenas
|
| 650 |
0 |
9 |
|a crisis management
|z Czechia
|2 eczenas
|
| 650 |
0 |
9 |
|a local government
|z Czechia
|2 eczenas
|
| 655 |
|
7 |
|a metodické příručky
|7 fd132826
|2 czenas
|
| 655 |
|
9 |
|a methodological manuals
|2 eczenas
|
| 710 |
2 |
|
|a Sdružení hasičů Čech, Moravy a Slezska
|7 ko2003174570
|
| 710 |
2 |
|
|a Ústřední hasičská škola (Jánské Koupele, Staré Těchanovice, Česko)
|7 kn20140306006
|
| 910 |
2 |
|
|a BOA001
|b 2-1322.551
|
| 990 |
|
|
|a BK
|
| 995 |
|
|
|a 01
|
| 991 |
|
|
|b 201403
|c NOV
|e n
|
| 996 |
6 |
|
|b 2610582621
|c 2-1322.551
|l MZK
|r Sklad / do 1 hodiny
|n 12
|p p.v.
|w 001403839
|u 000010
|a 1
|e BOA001
|j MZK50
|s P
|